00387nam a2200157 a 450000100060000000300090000600800410001502000150005604000280007108200100009910000200010924500200012926000470014930000100019665000230020618523CO-ViMGA141112s2004 ck r 000 u spa d a8480632127 aCO-ViMGAbspacCO-ViMGA04aROMca1 aRoma, Rah - mon10aCacao de cartas aBarcelona (España), cIntermón, c1999 a20.p.14aCUENTOS INFANTILES